000 00743nam a22002297a 4500
999 _c171759
_d171759
005 20200120130329.0
010 _aB-225942
020 _c245.00
_a0195683498
035 _aB-225942
037 _bCen Lib/Ret
082 _a954.01
_bUNK
100 _aAhuti,D.Dev
245 _aThe unknown Hsüan-tsang /
_cedited by D.Dev Ahuti
260 _bOxford University Press
_c2006
_aNew Delhi
270 _aYMCA Library Building, Jai Singh Road
_bNew Delhi
_e110001
300 _axxix,184p. :
_c20cm(pbk)
_bill.
500 _aIncludes bibliographical references and index
650 _aBuddhist priests -- China -- Biography
650 _aBuddhist priests
700 _aDevahuti, D.
_927541
942 _2ddc
_cEN
_h954.01
_mUNK